Early American policy : six Columbia contributors /

Bibliographic Details
Main Author: Dorfman, Joseph, 1905-
Other Authors: Tugwell, Rexford G. (Rexford Guy), 1891-1979
Format: Book
Language:English
Published: New York : Columbia University Press, 1960.
Subjects:

MARC

Tag First Indicator Second Indicator Subfields
LEADER 00000cam a2200000 4500
001 in00000055464
005 20151008052235.0
008 711102s1960 nyuc b 00000 eng
010 |a  60008585  
035 |a (OCoLC)00167957 
035 |9 AAH2398AM 
040 |a DLC  |c WSU  |d TXA  |d UtOrBLW 
049 |a TXAM  |c [337345] 
050 0 |a HB119.A3  |b D6 
092 |a 330.10973  |b D695e 
100 1 |a Dorfman, Joseph,  |d 1905- 
245 1 0 |a Early American policy :  |b six Columbia contributors /  |c by Joseph Dorfman and R. G. Tugwell. 
264 1 |a New York :  |b Columbia University Press,  |c 1960. 
300 |a 356 pages 
336 |a text  |b txt  |2 rdacontent 
337 |a unmediated  |b n  |2 rdamedia 
338 |a volume  |b nc  |2 rdacarrier 
504 |a Bibliographical footnotes. 
650 0 |a Economics  |x History  |z United States. 
650 0 |a Political science  |x History  |z United States. 
700 1 |a Tugwell, Rexford G.  |q (Rexford Guy),  |d 1891-1979. 
999 |a MARS 
999 f f |s bbf6e0c1-7bdf-35a2-b9ef-5d597daf50e0  |i 099b3907-5d3d-3566-a603-777a20303403  |t 0 
952 f f |p ric  |a Texas A&M University  |b Rellis Campus  |c Joint Library Facility  |d Remote Storage  |t 0  |e HB119.A3 D6  |h Library of Congress classification  |i unmediated -- volume  |m A14800693282 
998 f f |a HB119.A3 D6  |t 0  |l Remote Storage